000 00531cam a2200193ua 4500
001 6213
005 20260515114019.0
008 131123n ii |||gr||||Z||||||eng
040 _cMAIN
082 _a657
245 _aTheory & Practice of Book-keeping and accountancy
_cBy K.R. Das
260 _aGuwahati:
_bLawyers Book Stall,
_c1996.
300 _ax,803p.
653 _aCommerce
653 _aTheory & Practice of book-keeping and accountancy
700 _aDas,K.R.,
_eAuthor.,
700 1 _aSinha,K.M.,
_eAuthor.
942 _cBK
999 _c5360
_d5360